Statistics for Premier League Transfers 2023-24 (Summer)

Click here to take the quiz!

General Stats

  • This quiz has been taken 66 times
  • The average score is 55 of 208

Answer Stats

AnswerNatIonalityFromCountryToCountryFee% Correct
Declan RiceEnglishWest Ham UnitedEnglandArsenalEngland€116.6m
100%
Harry KaneEnglishTottenham HotspursEnglandBayern MunichGermany€100m
100%
Josko GvardiolCroatianRb LeipzigGermanyManchester CityEngland€90m
100%
Moisés CaicedoEcuadoranBrighton & Hove AlbionEnglandChelseaEngland€116m
100%
Kai HavertzGermanChelseaEnglandArsenalEngland€70m
98%
Rasmus HojlundNorwegianAtalantaItalyManchester UnitedEngland€75m
95%
Dominik SzoboszlaiHungarianRB LeipzigGermanyLiverpoolEngland€70m
91%
James MaddisonEnglishLeicester CityEnglandTottenham HotspursEngland€46.3m
89%
Mason MountEnglishChelseaEnglandManchester UnitedEngland€64.2m
89%
André OnanaCameroonianInter MilanItalyManchester UnitedEngland€52.5m
86%
Sandro TonaliItalianAC MilanItalyNewcastle UnitedEngland€64m
86%
FabinhoBrazilianLiverpoolEnglandAl-IttihadSaudi Arabia€46.7m
84%
Roméo LaviaBelgianSouthamptonEnglandChelseaEngland€64.1m
84%
Cole PalmerEnglishManchester CityEnglandChelseaEngland€47m
82%
Jérémy DokuBelgianRennesFranceManchester CityEngland€60m
82%
Matheus NunesPortugueseWolverhampton WanderersEnglandManchester CityEngland€62m
82%
Rúben NevesPortugueseWolverhampton WanderersEnglandAl-HilalSaudi Arabia€55m
82%
Alexis Mac AllisterArgetinianBrighton & Hove AlbionEnglandLiverpoolEngland€42m
80%
Brennan JohnsonWelshNottingham ForestEnglandTottenham HotspursEngland€55m
75%
Harvey BarnesEnglishLeicester CityEnglandNewcastle UnitedEngland€44m
75%
Jurrien TimberDutchAjaxNetherlandsArsenalEngland€40m
75%
Matheus CunhaBrazilianAtlético MadridSpainWolverhampton WanderersEngland€50m
75%
Mohammed KudusGhanaianAjaxNetherlandsWest Ham UnitedEngland€43m
75%
Moussa DiabyMaliBayer LeverkusenGermanyAston VillaEngland€55m
73%
Micky van de VenDutchVfl WolfsburgGermanyTottenham HotspursEngland€40m
70%
Pedro PorroSpanishSporting CPPortugalTottenham HotspursEngland€45m
70%
Nicolas JacksonSenegaleseVillarrealSpainChelseaEngland€37m
66%
Riyad MahrezAlgerianManchester CityEnglandAl-AhliSaudi Arabia€35m
66%
Edson ÁlvarezMexicanAjaxNetherlandsWest Ham UnitedEngland€38m
64%
James Ward-ProwseEnglishSouthamptonEnglandWest Ham UnitedEngland€34.77m
64%
Mateo KovacicCroatianChelseaEnglandManchester CityEngland€29.1m
61%
Mateo KovacicCroatianChelseaEnglandManchester CityEngland€25m
61%
Pau TorresSpanishVillarrealSpainAston VillaEngland€33m
57%
Aymeric LaporteSpanishManchester CityEnglandAl-NassrSaudi Arabia€27.5m
52%
Folarin BalogunAmericanArsenalEnglandAS MonacoFrance€30m
52%
Joao PedroBrazilianWatfordEnglandBrighton & Hove AlbionEngland€34.2m
52%
Tino LivramentoEnglishSouthamptonEnglandNewcastle UnitedEngland€37.2m
50%
Allan Saint-MaximinFrenchNewcastle UnitedEnglandAl-AhliSaudi Arabia€27.2m
48%
Dean HendersonEnglishManchester UnitedEnglandCrystal PalaceEngland€17.5m
48%
Jordan HendersonEnglishLiverpoolEnglandAl-EttifaqSaudi Arabia€14m
48%
Wataru EndoJapaneseVfB StuttgartGermanyLiverpoolEngland€20m
48%
Benjamin MendyFrenchManchester CityEnglandLorientFranceFree
45%
Dejan KulusevskiSwedishJuventusItalyManchester CityEngland€30m
45%
Eduard MendySenegaleseChelseaEnglandAl-AhliSaudi Arabia€18.5m
45%
Gianluca ScamaccaItalianWest Ham UnitedEnglandAtalantaItaly€25m
45%
Kalidou KoulibalySenegaleseChelseaEnglandAl-HilalSaudi Arabia€23m
45%
Tyler AdamsAmericanLeeds UnitedEnglandA.F.C BournemouthEngland€26.9m
45%
Guglielmo VicarioItalianEmpoliItalyTottenham HotspursEngland€20m
43%
Ibrahim SangaréIvorianPSV EindhovenNetherlandsNottingham ForestEngland€35m
43%
Moise KeanItalianEvertonEnglandJuventusItaly€25m
43%
Moise KeanSwissArsenalEnglandBayer LeverkusenGermany€25m
43%
Nathan CollinsIrishWolverhampton WanderersEnglandBrentfordEngland€26.85m
43%
Robert SánchezSpanishBrighton & Hove AlbionEnglandChelseaEngland€23m
43%
BetoPortugueseUdinese CalcioItalyEvertonEngland€25m
41%
Cameron ArcherEnglishAston VillaEnglandSheffield UnitedEngland€21.55m
39%
Kevin SchadeGermanFreiburgGermanyBrentfordEngland€25m
36%
Konstantinos MavropanosGreekVfB StuttgartGermanyWest Ham UnitedEngland€20m
36%
Ruben Loftus-CheekEnglishChelseaEnglandAC MilanItaly€16m
36%
Calvin BasseyNigerianFulhamEnglandAjaxNetherlands€22.5m
34%
Chris WoodNew ZealandNewcastle UnitedEnglandBrentfordEngland€17m
34%
Lesley UgochukwuFrench/NigerianRennesFranceChelseaEngland€27m
34%
Matt TurnerAmericanArsenalEnglandNottingham ForestEngland€8.15m
34%
Adama TraoréSpanishWolverhampton WanderersEnglandFulhamEnglandFree
32%
Anthony ElangaSwedishManchester UnitedEnglandNottingham ForestEngland€17.5m
32%
Bénie TraoréIvorianHackenSwedenSheffield UnitedEngland€4.6m
32%
Boubacar TraoréGuineanMetzFranceWolverhampton WanderersEngland€11m
32%
Hamed Junior TraoréIvorianSassuoloItalyBournemouthEngland€25.62m
32%
Sander BergeNorwegianSheffield UnitedEnglandBurnleyEngland€13.9m
32%
Alex ScottEnglishBristol CityEnglandA.F.C BournemouthEngland€23m
30%
Christopher NkukuFrenchRb LeipzigGermanyChelseaEngland€65m
30%
Iliman NdiayeSenegaleseSheffield UnitedEnglandMarseilleFrance€17m
30%
Aaron RamseyEnglishAston Villa U21EnglandBurnleyEngland€16.45m
27%
Conor CoadyEnglishWolverhampton WanderersEnglandLeicester CityEngland€8.7m
27%
FredBrazilianManchester UnitedEnglandFenerbahceTurkey€9.74m
27%
Gustav HamerDutchCoventryEnglandSheffield UnitedEngland€17m
27%
IgorBrazilianFiorentinaItalyBrigthon & Hove AlbionEngland€17m
27%
James TraffordEnglishManchester City U21EnglandBurnleyEngland€17.3m
27%
Max AaronsEnglishNorwich CityEnglandAFC BournemouthEngland€8.1m
27%
Milos KerkezHungarianAZ AlkamaarNetherlandsAFC BournemouthEngland€17.87m
27%
Raúl JiménezMexicanWolverhampton WanderersEnglandFulhamEngland€6.4m
27%
Roberto FirminoBrazilianLiverpoolEnglandAl-AhliSaudi ArabiaFree
27%
Alex TellesBrazilianManchester UnitedEnglandAl-NassrSaudi Arabia€7m
25%
Carlos BalebaCameroonianLOSC LilleFranceBrighton & Hove AlbionEngland€27m
25%
Ethan AmpaduWelshChelseaEnglandLeeds UnitedEngland€8.1m
25%
Mark FlekkenDutchFreiburgGermanyBrentfordEngland€11m
25%
Matheus FrancaBrazilianFlamengoBrazilCrystal PalaceEngland€20m
25%
Zeki AmdouniSwissFC BaselSwitzerlandBurnleyEngland€18.6m
25%
Bart VerbruggenDutchRSC AnderlechtBelgianBrighton & Hove AlbionEngland€20m
23%
Harry WinksEnglishTottenham HotspursEnglandLeicester CityEngland€11.6m
23%
Justin KluivertDutchRomaItalyAFC BournemouthEngland€11.2m
23%
Timothy CastagneBelgianLeicester CityEnglandFulhamEngland€13m
23%
Nicolás DomínguezArgentinianBolognaItalyNottingham ForestEngland€10m
20%
Nikola VlasicCroatianWest Ham UnitedEnglandTorinoItaly€12.8m
20%
Odysseas VlachodimosGreekBenficaPortugalNottingham ForestEngland€9m
20%
Tahith ChongDutchBirmingham CityEnglandLuton TownEngland€4.7m
20%
Alejo VélizArgentinianRosario CentralArgentinaTottenham HotspursEngland€15m
18%
Axel DiasiFrenchMonacoFranceChelseaEngland€45m
18%
Callum Hudson-OdoiEnglishChelseaEnglandNottingham ForestEngland€3.5m
18%
Dara O'SheaIrishWest Bromwich AlbionEnglandBurnleyEngland€7.8m
18%
Deivid WashingtonBrazilianSantosBrazilChelseaEngland€16m
18%
Jordan BeyerGermanBorussia MonchengladbachGermanyBurnleyEngland€15m
18%
Luca KoleoshoItalianRCD Espanyol BSpainBurnleyEngland€3m
18%
Luca KoleoshoItalianRCD Espanyol BSpainBurnleyEngland€3m
18%
Marvelous NakambaZimbabweanAston VillaEnglandLuton TownEngland€2.9m
18%
Santiago BeunoUruguayanGironaSpainWolverhampton WanderersEngland€12m
18%
Youri TielemansBelgianLeicester CityEnglandAston VillaEnglandFree
18%
Ashley PhillipsEnglishBlackburn RoversEnglandTottenham HotspursEngland€2.3m
16%
Djordje PetrovicSerbianNew England RevolutionU.S.AChelseaEngland€16m
16%
Ellis SimmsEnglishEvertonEnglandCoventry CityEngland€7m
16%
Pablo MaríSpanishArsenalEnglandMonzaItaly€4.9m
16%
Thomas KaminskiBelgianBlackburn RoversEnglandLuton TownENgland€2.9m
16%
ChermitiPortugueseSporting C.PPortugalEvertonEngland€12.5m
14%
Jean-Ricner BellegardeFrenchStrasbourgFranceWolverhampton WanderersEngland€15m
14%
Juston TrustyAmericanArsenalEnglandSheffield UnitedEngland€5.8m
14%
N'Golo KanteFrenchChelseaEnglandAl-IttihadSaudi ArabiaFree
14%
Ryan GilesEnglishWolverhampton WanderersEnglandLuton TownEngland€5.85m
14%
Vini SouzaBrazilianLommel SKBelgiumSheffield UnitedEngland€12m
14%
Andrew OmobamideleIrishNorwich CityEnglandNottingham ForestEngland€12.85m
11%
Anis SlimaneTunisianBrondby IFDenmarkSheffield UnitedEngland€2.69m
11%
Ilkay GundoganGermanManchester CityEnglandBarcelonaSpainFree
11%
Mahmoud DahoudGermanBorussia DortmundGermanyBrighton & Hove AlbionEnglandFree
11%
Manuel LanziniArgentinianWest Ham UnitedEnglandBesiktasTurkey€2m
11%
Matt DohertyIrishAtlético MadridSpainWolverhampton WanderersEnglandFree
11%
MurilloBrazilianCorinthiansBrazilNottingham ForestEngland€12m
11%
Naby KeitaGuineanLiverpoolEnglandWerder BremenGermanyFree
11%
Romain FaivreFrenchOlympique LyonFranceAFC BournemouthEngland€15m
11%
Wilson OdobertFrenchTroyesFranceBurnleyEngland€12m
11%
Wilson OdobertFrenchTroyesFranceBurnleyEngland€12.8m
11%
Arthur MasuakuCongoleseWest Ham UnitedEnglandBesiktasTurkey€2m
9%
Jacob BrownScottishStoke CityEnglandLuton TownEngland€2.9m
9%
James MilnerEnglishLiverpoolEnglandBrighton & Hove AlbionEnglandFree
9%
Pierre-Emerick AubameyangGaboneseChelseaEnglandMarseilleFranceFree
9%
Vincent GuaitaSpanishCrystal PalaceEnglandCelta VigoSpainFree
9%
Yangel HerreraColombianGironaSpainManchester CityEngland€5m
9%
Alex Oxlade-ChamberlainEnglishLiverpoolEnglandBesiktasTurkeyFree
7%
Ashley YoungEnglishAston VillaEnglandEvertonEnglandFree
7%
Asmir BegovicBosnianEvertonEnglandQPREnglandFree
7%
Hannes DelcroixBelgianRSC AnderlechtBelgiumBurnleyEngland€3m
7%
Jeong Sang-binSouth KoreanWolverhampton WanderersEnglandMinnesota UnitedU.S.AUndisclosed
7%
Jonny EvansNorthern IrishLeicester CityEnglandManchester UnitedEnglandFree
7%
Matej KovarCzechManchester UnitedEnglandBayer LeverkusenGermany€5m
7%
Ross BarkleyEnglishO.G.C NiceFranceLuton TownEnglandFree
7%
Sam SturridgeEnglandNottingham ForestEnglandNashvilleUnited States€5.8m
7%
Teden MengiEnglishManchester UnitedEnglandLuton TownEnglandUndisclosed
7%
Tiemoué BakayokoFrenchChelseaEnglandFC LorientFranceFree
7%
Tom DaviesEnglishEvertonEnglandSheffield UnitedEnglandFree
7%
Yankuba MintehGambianOdenseDenmarkNewcastle UnitedEngland€7m
7%
Yerry MinaColombianEvertonEnglandFiorentinaItalyFree
7%
Aaron ConnollyIrishBrighton & Hove AlbionEnglandHull CityEngland€1.35m
5%
Abdul Rahman BabaGhanaianChelseaEnglandPAOKGreeceFree
5%
Ainsley Maitland-NilesEnglishArsenalEnglandOlympique LyonFranceFree
5%
Andy IrvingScottishAustria KlagenfurtAustriaWest Ham UnitedEngland€1.76m
5%
AngeloBrazilianSantosBrazilChelseaEngland€15m
5%
Bobby ThomasEnglishBurnleyEnglandCoventry CityEngland€2.3m
5%
Diego MoreiraPortugueseBenfica BPortugalChelseaEnglandFree
5%
Enso GonzálezParaguayanLibertardParaguayWolverhampton WanderersEngland€6m
5%
Haydon RobertsEnglishBrighton & Hove AlbionEnglandBristol CityEnglandFree
5%
Jack ButlandEnglishCrystal PalaceEnglandRangersScotlandFree
5%
Jaden PhilogeneEnglishAston VillaEnglandHull CityEngland€5.8m
5%
Joao MoutinhoPortugueseWolverhampton WanderersEnglandSC BragaPortugalFree
5%
Mads BidstrupDanishBrentfordEnglandRB SalzburgAustria€6m
5%
Michael KarbownikPolishBrighton & Hove AlbionEnglandHertha BerlinGermany€2.5m
5%
Ola AinaNigerianTorinoItalyNottingham ForestEnglandFree
5%
Pontus JanssonSwedishBrentfordEnglandMalmo FFSwedenFree
5%
Reda KhadraGermanBrighton & Hove AlbionEnglandStade ReimsFrench€1.9m
5%
Wilfried ZahaIvorianCrystal PalaceEnglandGalatasarayTurkeyFree
5%
Adrian MaziluRomanianFCV FarulRomaniaBrighton & Hove AlbionEngland€3m
2%
Andrew AyewGhanianN/AN/ANottingham ForestEnglandFree
2%
Braian OjedaParaguayanNottingham ForestEnglandReal Salt LakeUnited States€3m
2%
Brian OjedaParaguayNottingham ForestEnglandSalt LakeUnited StatesUndisclosed
2%
CafúPortugueseNottingham ForestEnglandRotherham UnitedEnglandFree
2%
Chiedozie OgbeneIrishRotherham UnitedEnglandLuton TownEnglandFree
2%
Halil DervisogluTurkishBrentfordEnglandGalatasarayTurkey€500k
2%
Han-Noah MassengoFrenchBristol CityEnglandBurnleyEnglandFree
2%
Ivan CavaleiroPortugueseFulhamEnglandLOSC LilleFranceFree
2%
Jack StaceyColombianBournemouthEnglandCrystal PalaceEnglandFree
2%
Jack StaceyEnglishBournemouthEnglandNorwich CityEnglandFree
2%
Joel ValenciaEcuadorianBrentfordEnglandZaglebie SosnowiecPolandFree
2%
Jordan ZemuraZimbabweBournemouthEnglandUdineseItalyFree
2%
Karl DarlowEnglishNewcastle UnitedEnglandLeeds UnitedEngland€400k
2%
Keinan DavisEnglishAston VillaEnglandUdinese CalcioItalyFree
2%
Luka MilivojevicSerbianCrystal PalaceEnglandShabab Al-AhliU.A.EFree
2%
Matijla SarkicMontenegranMillwallEnglandWolverhampton WanderersEngland€1.4m
2%
Michael ObafemiIrishSwanseaWalesBurnleyEngland€4m
2%
Mohamed DragerTunisianNottingham ForestEnglandF.C BaselSwitzerland€420k
2%
Nathan RedmondEnglishBesiktasTurkeyBurnleyEnglandFree
2%
Neeskens KebanoCongoleseFulhamEnglandAl JaziraU.A.EFree
2%
Paulo GazzanigaArgentinianFulhamEnglandGironaSpainFree
2%
Ryan GravenburchDutchBayern MunichGermanyLiverpoolEngland€40m
2%
Steven BendaGermanSwansea CityWalesFulhamEngland€1.15m
2%
Altay BayinderTurkishFenerbahceTurkeyManchester UnitedEngland€5m
0%
Ben PearsonEnglishAFC BournemouthEnglandStoke CityEngland€1.5m
0%
Christian SaydeeEnglishBournemouthEnglandPortsmouthEnglandUndisclosed
0%
Diego CostaSpanishWolverhampton WanderersEnglandBotafogoBrazilFree
0%
Enda StevensIrishSheffiled UnitedEnglandStoke CityEnglandFree
0%
Ethan BrierleyEnglishRochdaleEnglandBrentfordEnglandUndisclosed
0%
George BroadbentEnglishSheffield UnitedEnglandDoncaster RoversEnglandUndisclosed
0%
Harry IstedEnglishBrentfordEnglandCharlton AthleticEnglandFree
0%
Jack ColbackEnglishNottingham ForestEnglandQPREnglandFree
0%
Joe BryanEnglishFulhamEnglandMillwallEnglandFree
0%
Lawrence VigourouxEnglishBurnleyEnglandNorwich CityEnglandFree
0%
Lawrence VigourouxChileanLeyton OrientEnglandBurnleyEnglandFree
0%
Niels NnkounkouFrenchEvertonEnglandSaint-ÉtienneFrance€2m
0%
Shane DuffyIrishFulhamEnglandNorwich CityEnglandFree
0%
Sonny BradleyEnglishLuton TownEnglandDerby CountyEnglandFree
0%
Steve CookEnglishNottingham ForestEnglandQPREnglandUndisclosed
0%
Steven SessegnonEnglishFulhamEnglandWigan AthleticEnglandFree
0%
Taylor RichardsEngliahBrighton & Hove AlbionEnglandQPREnglandUndisclosed
0%

Score Distribution

Percentile by Number Answered

Percent of People with Each Score

Your Score History

You have not taken this quiz